00895cam a22002651 4500001001300000003000400013005001700017008004100034010001700075035001900092040002100111042001200132043001200144050001600156100004200172245006500214260004300279300005800322490004100380504007300421500002000494650004100514810005700555999001700612gs 14000388 DLC20260227111315.0790904s1914 dcuabf f001 0 eng  ags 14000388  a(OCoLC)5338132 aDLCcICharEdDLC apremarc an-us-or00aTN24.O7bD41 aDiller, J. S.q(Joseph Silas),d1850-10aMineral resources of southwestern Oregon /cby J. S. Diller. aWashington,bGovt. Print. Off.,c1914. a147 p. :bill., plates, fold. maps, diagrs. ;c24 cm.1 aU.S. Geological survey. Bulletin 546 a"Geological survey publications on southwestern Oregon": p. 141-142. aIncludes index. 0aMines and mineral resourceszOregon.1 aUnited States.bGeological Survey.tBulletin ;v546. c25352d25352